000 00649cam a2200217 4500
008 090401t1987 xxu||||| |||| 00| 0 eng d
020 _a0854063358
035 _a(Sirsi) u43964
041 _aeng
050 _a333.0076
090 _aRICS 1987/2 ABCD
110 _aRoyal Institution of Chartered Surveyors
_94900
245 _aTest of professional competence : general practice : the practical test ( specimen papers )
260 _aLondon
_bSurveyors Publications
_c1987
300 _a93p. ; 30cm.
350 _a3.5
520 _aPrepared by the Education and Membership Division.
650 _aTPC
942 _n0
948 _c04/03/1997
999 _c91414
_d91414